Diecinueve siglos de canto cristiano (Registro nro. 40693)
[ vista simple ]
| 000 -LÍDER | |
|---|---|
| Campo fijo de descripción fija | 01209aam a2200301 i 4500 |
| 001 - NÚMERO DE CONTROL | |
| Campo de control | 768714001 |
| 003 - IDENTIFICADOR DEL NÚMERO DE CONTROL | |
| Campo de control | CO-MdFUSB |
| 005 - FECHA Y HORA DE LA ULTIMA TRANSACCIÓN | |
| control field | 20240220155846.0 |
| 007 - CAMPO FIJO DE DESCRIPCIÓN FIJA--INFORMACIÓN GENERAL | |
| Campo fijo de descripción fija | ta |
| 008 - ELEMENTOS DE LONGITUD FIJA -- INFORMACIÓN GENERAL | |
| Campo fijo de descripción fija -- Información general | 240220t1948 ag |||| |||| 00| 0 spa d |
| 040 ## - FUENTE DE CATALOGACIÓN | |
| Agencia que realiza la transcripción | CO-MdFUSB |
| 041 0# - CÓDIGO DE IDIOMA | |
| Código de idioma para texto/pista de sonido o título separado | spa |
| 082 04 - NÚMERO DE CLASIFICACIÓN DECIMAL DEWEY | |
| Número de clasificación | 264.23 |
| Número de la edición del Dewey | 23 |
| Clave de autor-Numero de item | N7142d |
| 100 1# - ASIENTO PRINCIPAL--NOMBRE PERSONAL | |
| Nombre personal | Ninde, Eduardo S. (Summerfield) (1866-1935) |
| Término relacionador | autor |
| 240 ## - TITULO UNIFORME | |
| Título uniforme | <a href="Nineteen centuries of Christian song">Nineteen centuries of Christian song</a> |
| 245 10 - TÍTULO | |
| Título del Material | Diecinueve siglos de canto cristiano |
| Mención de responsabilidad, etc. | / Eduardo S. Ninde |
| 264 #1 - PRODUCCIÓN, PUBLICACIÓN, DISTRIBUCIÓN, MANUFACTURA, Y COPYRIGHT | |
| Nombre del productor, publicador, distribuidor | La Aurora, |
| Lugar de producción, publicación, distribución, manufactura | Buenos Aires : |
| Fecha de producción, publicación, distribución, manufactura, o copyright | [1948] |
| 264 #4 - PRODUCCIÓN, PUBLICACIÓN, DISTRIBUCIÓN, MANUFACTURA, Y COPYRIGHT | |
| Fecha de producción, publicación, distribución, manufactura, o copyright | ©1948 |
| 300 ## - DESCRIPCIÓN FÍSICA | |
| Extensión | 191 páginas |
| Dimensiones | ; 18cm |
| 336 ## - TIPO DE CONTENIDO | |
| Término de tipo de contenido | texto |
| Código de tipo de contenido | txt |
| Fuente | rdacontent |
| 337 ## - TIPO DE MEDIO | |
| Fuente | rdamedia |
| Nombre del tipo de medio | sin mediación |
| Código del tipo de medio | n |
| 338 ## - TIPO DE SOPORTE | |
| Fuente | rdacarrier |
| Nombre del tipo de soporte | volumen |
| Código Tipo de soporte | nc |
| 505 ## - NOTA DE CONTENIDO | |
| Nota de contenido con formato preestablecido | Himnos de la iglesia primitiva. -- himnos siríacos y griegos. -- Himnos latinos. -- Himnos alemanes. -- Himnos franceses. -- Salmos simétricos e himnos pre-wattsianos. -- Isaac Watts y sus contemporáneos. -- Los himnos de los Wesley. -- Otros himnólogos del siglo XVIII. -- Cowper y Newton. -- Acotaciones sobre algunos himnólogos del siglo XIX. |
| 563 ## - NOTA DE ENCUADERNACIÓN | |
| Nota de encuadernación | Pasta dura |
| 653 ## - TÉRMINO DE INDIZACIÓN - NO CONTROLADO | |
| Término no controlado | Himnos religiosos - Historia y critica |
| 942 ## - TIPO DE MATERIAL (KOHA) | |
| Tipo de Item KOHA | Libros General |
| 945 ## - INFORMACIÓN LOCAL DEL REGISTRO | |
| Catalogador | JTF-925 |
| Estado de Material | Estado de Perdido | Forma de Clasificación | Estado de Dañado | No para Préstamo | Colección | Tomo | Biblioteca de Origen | Biblioteca Permanente | Fecha de Adquisición | Total de Préstamos | Signatura Topográfica | Código de Barras | Última vez visto | Ejemplar/Existencia | Fecha de Remplazo | Tipo de Material |
|---|---|---|---|---|---|---|---|---|---|---|---|---|---|---|---|---|
| Dewey Decimal Classification | Colección General | Biblioteca FUSBC | Biblioteca FUSBC | 07/07/2005 | G 264.23 N7142d | 4187 | 12/12/2019 | Ej.1 | 26/01/2016 | Libros General |
